| 000 | 00589nam a22002177a 4500 | ||
|---|---|---|---|
| 999 |
_c10048 _d10048 |
||
| 001 | 10048 | ||
| 003 | BD-JhCC | ||
| 005 | 20180404192836.0 | ||
| 008 | 180404s1979 bg ||||| |||| 00| 0 eng d | ||
| 035 | _a(BD-JhCC) 10048 | ||
| 040 |
_aBD-JhCC _dBD-JhCC |
||
| 041 | _aeng | ||
| 082 |
_a305.55095492 _bUMA 1979 |
||
| 100 | _aUmar, Badruddin | ||
| 245 |
_aImperialism and General Crisis of the Bourgeoisie In Bangladesh / _bBadruddin Umar |
||
| 260 |
_aDacca : _bProgoti Prakashani , _c1979 |
||
| 300 |
_a118. p : _c20 cm |
||
| 650 | _aMiddle Class | ||
| 942 |
_2ddc _cBK |
||